00230nam a2200109Ia 4500008004100000100001200041245001400053260000900067650002000076942000700096999001700103190216s9999||||xx |||||||||||||| ||und|| aKovilan 2aA Minus B bNull aMalayalam Novel cBK c23680d23680